00593caa a22001812a 4500001000900000003001100009008004300020092001900063100001900082245001600101300001200117500009400129650001500223546001300238942000900251999001700260773013400277 011091 AR-FADEU 311216n########xxu####################dd a808.831bA243n aHartley, L. P. aA high dive aPP. 1-5 aEn: Nothing to fear : and other stories / Adrian-Vallance, D'Arcy. Harlow : Longman, 1985 a/REVISADO/ aInglés cBDGR c16871d168710 016870917079aAdrian-Vallance, D'ArcybdHarlowo0926tNothing to fear : and other storiesw( AR-FADEU) 011090xz0-582-53109-8